000 00690nam a2200265Ia 4500
001 18345
003 GE_BSU
008 181216s||||||||xx |||||||||||||| ||und||
020 _a9783468496752
040 _cGE_BSU
080 _a811.112
100 _aDahlhaus,Barbara
245 _aFertigkeit Horen: Fernstudieneinheit 5
245 _bFernstudieneinheit 5
260 _aBerlin
260 _bLangenscheidt
260 _c1994
300 _a192p.30 cm.
541 _h69 Gel.
653 _aDeutsch als Fremdsprache
653 _aFernstudienangebot,Germanistik.
653 _aFertigkeit Horen: Fernstudieneinheit 5
653 _aგერმანული ენა
942 _cBK
999 _c51363
_d51363